LEADER 00951nam a2200193 i 4500 001 000000223199 003 CaOOAMICUS 005 20240212144139.0 008 131007s1813 it u000 u ita u 013 $a202096 026 $afaa- tadi lesa leil (7) 1813 (A) 040 $aSeMil$bita 245 10$aVol. 2. 300 $a166, [3] p. 773 0 $aGenlis, Stéphanie-Félicité Du Crest $tBotanica istorica e letteraria che contiene tutti i tratti, tutti gli aneddoti, e le superstizioni relative ai fiori de' quali si fa menzione nella storia sacra e profana. ... seguita da una novella intitolata I fiori o gli artisti di madama di Genlis. Versione dal francese. Vol. 1. [- 2.].$dMilano : Francesco Sonzogno di Gio. Batt., 1813.$g2$w()16086 850 $aSeMil 852 $aSeMil$W1$xVenegono$y1$m2P I 25 FA$j173545$B173545$CSeMilBibl$Z2$F183897 $8I 996 $6245$aVol. 2$9(OLS)http://semarc/title/13458 LEADER 00645nam a2200181 i 4500 001 000000067431 003 CaOOAMICUS 005 20241002122848.0 008 130607s1886 xx u000 u lat u 013 $a38603 040 $aSeMil$bita 245 13$a1: Logica. 300 $aXI, 272 p. 773 0 $aGoudin, Antoine <1639-1695>$tPhilosophia juxta inconcussa tutissimaque Divi Thomae dogmata.$b4. Ed.$dParisiis : apud Editores Sarlit & soc., 1886.$g1$w()5912 850 $aSeMil 852 $aSeMil$W1$xVenegono$y1$m2O I 42 FA$j33584$B33584$CSeMilBibl$Z2$F33587 $8I 996 $6245$a1: Logica$9(OLS)http://semarc/title/450531